000 00379nam a2200169Ia 4500
001 2474
005 20260306144809.0
008 260306t9999||||xx |||||||||||||| ||spa||
041 _aESP
082 _a616.891
_bF81
100 _aFrankl, Viktor
_eAUT
245 0 _aEl hombre en busca de sentido
300 _a
_c
650 _aGEN
654 _aCHU
942 _cLIB
_dJUS
_fJUS
_2ddc
_n
999 _c2474
_d2474